Statistics for Municipalities of Ehime Prefecture

Click here to take the quiz!

General Stats

  • This quiz has been taken 44 times
  • The average score is 14 of 20

Answers on the Map

Answers color-coded by a green-red scale on the quiz's map according to % correct below.
 

Answer Stats

Answer% Correct
Matsuyama 松山
100%
Imabari 今治
94%
Niihama 新居浜
94%
Saijo 西条
88%
Uwajima 宇和島
88%
Shikokuchuo 四国中央
81%
Yawatahama 八幡浜
81%
Iyo 伊予
75%
Toon 東温
75%
Ozu 大洲
69%
Uchiko 内子
69%
Ainan 愛南
63%
Kamijima 上島
56%
Kumakogen 久万高原
56%
Seiyo 西予
56%
Ikata 伊方
50%
Kihoku 鬼北
50%
Masaki 松前
50%
Matsuno 松野
50%
Tobe 砥部
50%

Score Distribution

Percentile by Number Answered

Percent of People with Each Score

Your Score History

You have not taken this quiz